Tabela Periódica - Lantanídeos - Statistics

Estatísticas Gerais
  • Esse quiz foi jogado 107 vezes
  • A pontuação média é 12 de 15
Estatísticas das Respostas
Sigla Resposta % Correto
La Lantanio
100%
Ce Cerio
97%
Eu Europio
87%
Nd Neodimio
87%
Sm Samario
85%
Gd Gadolinio
82%
Ho Holmio
82%
Pr Praseodimio
82%
Lu Lutecio
79%
Dy Disprosio
77%
Pm Promecio
77%
Yb Iterbio
74%
Er Erbio
72%
Tb Terbio
72%
Tm Tulio
59%
Nenhum quiz correspondente encontrado
Distribuição das Pontuações
Porcentagem de Pessoas com Cada Pontuação
Percentil de Números Respondidos
Sua Pontuação Histórica
Você não jogou esse quiz